| 000 | 00321nam a22001337a 4500 | ||
|---|---|---|---|
| 999 |
_c528109 _d528109 |
||
| 003 | NUST | ||
| 038 | _aM.Ramzan | ||
| 082 |
_a625.84 _bMIL |
||
| 100 |
_aMiller, John S. _919684 |
||
| 245 |
_aDistress Identification Manual / _cJohn S. Miller |
||
| 260 |
_aMclean _bFHWA _c2003 |
||
| 300 |
_a164 p, : _c25cm |
||
| 942 |
_2ddc _cBK |
||